000 00326nam a2200169Ia 4500
100 _aDhanjani/Nitesh
650 _aHacking
942 _cBK
366 _f20
654 _ahacking
245 _aHacking:The Next Generation
260 _bSPD
_c2017
082 _bDHA
300 _a279
546 _aENGLISH
999 _c26640
_d26640